First FIFA World Cup Ever (1930) Quiz - Statistics

General Stats
  • This quiz has been taken 70 times
  • The average score is 10 of 13
Answer Stats
Team % Correct
Brazil
97%
Uruguay
97%
Argentina
92%
France
89%
United States
89%
Mexico
85%
Chile
81%
Peru
77%
Paraguay
73%
Bolivia
69%
Yugoslavia
68%
Belgium
60%
Romania
50%
No matching quizzes found
Score Distribution
Percent of People with Each Score
Percentile by Number Answered
Your Score History
You have not taken this quiz